Estudios históricos : revista trimestral /

Gespeichert in:
Bibliographische Detailangaben
Weitere Verfasser: Medina Ascensio, Luis (dirección) (dirección)
Format: Buch
Sprache:Spanisch
Veröffentlicht: Guadalajara, México : Centro de Estudios Históricos Fray Antonio Tello, 1977-1985
Schlagworte:
Tags: Tag hinzufügen
Keine Tags, Fügen Sie das erste Tag hinzu!

MARC

LEADER 00000nam^a2200000^a^4500
001 000100999
005 20250521000000.0
009 20260310093221.971
037 |a Acervo ITESO - Biblioteca 
041 |a ESP 
082 |a 972. 005  |b EST 
240 1 1 |a [Estudios históricos] 
245 0 0 |a Estudios históricos :  |b revista trimestral /  |c Dir. de L. Medina Ascencio. 
264 1 |a Guadalajara, México :  |b Centro de Estudios Históricos Fray Antonio Tello,  |c 1977-1985 
300 |a 4 v. (varias paginaciones) 
336 |a texto  |b txt  |2 rdacontenido 
337 |a sin mediación  |b n  |2 rdamedio 
338 |a volumen  |b nc  |2 rdasoporte 
501 |a Encuadernación particular 
649 |a XX 
650 |a México -  |x Historia -  |x Publicaciones Periódicas Mexicanas 
650 |a Historia -  |x Publicaciones Periódicas Mexicanas 
650 |a Publicaciones Periódicas Mexicanas 
700 |a Medina Ascensio, Luis  |e (dirección) 
910 |a Fondo Jesús Rodríguez 
920 |a Impresos - Libros 
930 |a Fondos Especiales 
905 |a 113 
901 |a 0500039666  |b IT2  |c ESP  |u 20250521 
901 |a 0500039667  |b IT2  |c ESP  |u 20250521 
901 |a 0500039668  |b IT2  |c ESP  |u 20250521 
901 |a 0500039669  |b IT2  |c ESP  |u 20250521 
902 |a https://opac.biblio.iteso.mx/vufind/Record/000100999